000 00837caa a22002417a 4500
999 _c410865
_d410865
001 123680
003 UA-OsUOA
005 20200117142555.0
007 ta
008 20170706b un ||||| |||| 00| 0 ukr d
040 _aUA-OsUOA
_bukr
_cUA-OsUOA
_dUA-OsUOA
041 _aukr
080 _a908
090 _a908
_bЯ99
100 _aЯщук В.
245 _aСтан та перспективи розвитку фізичного виховання в університеті "Острозька академія"
_cВ. Ящук
300 _aС. 135–138
650 7 _a908 Краєзнавство
_2UDC
773 0 _0341354
_9368465
_dОстрог 2000
_o115518
_tНаукові записки
_w(UA-OsUOA) 55276
942 _cBKA
_2udc
955 _a1